|
|
|
|
| LEADER |
02437nam a2200649 i 4500 |
| 001 |
nkc20203180402 |
| 003 |
CZ PrNK |
| 005 |
20200617082224.0 |
| 007 |
ta |
| 008 |
200311s2020 xr c e 000 0acze |
| 015 |
|
|
|a cnb003180402
|
| 020 |
|
|
|a 978-80-270-7565-2
|q (brožováno)
|
| 035 |
|
|
|a (OCoLC)1200247810
|
| 040 |
|
|
|a OLA001
|b cze
|d ABA001
|e rda
|
| 041 |
0 |
|
|a cze
|a ger
|
| 043 |
|
|
|a e-xr---
|
| 045 |
|
|
|a x3x4
|
| 072 |
|
7 |
|a 323
|x Vnitropolitický vývoj, politický život
|2 Konspekt
|9 15
|
| 072 |
|
7 |
|a 929
|x Biografie
|2 Konspekt
|9 8
|
| 080 |
|
|
|a (=411.16)-055.2
|2 MRF
|
| 080 |
|
|
|a 323.12"1939/1945"-053.15
|2 MRF
|
| 080 |
|
|
|a (=411.16)
|2 MRF
|
| 080 |
|
|
|a 323.28
|2 MRF
|
| 080 |
|
|
|a 323.12"1939/1945"
|2 MRF
|
| 080 |
|
|
|a 94(100)"1939/1945"
|2 MRF
|
| 080 |
|
|
|a 929
|2 MRF
|
| 080 |
|
|
|a (437.3)
|2 MRF
|
| 080 |
|
|
|a (0:82-94)
|2 MRF
|
| 100 |
1 |
|
|a Herrmannová, Margit,
|d 1921-2003
|7 jx20040720096
|4 aut
|
| 245 |
1 |
0 |
|a Na cizí planetě :
|b (nonfiction 1938-1948) /
|c Margit Herrmannová
|
| 264 |
|
1 |
|a Jindřichův Hradec :
|b Spolek přátel starého Jindřichova Hradce,
|c 2020
|
| 300 |
|
|
|a 127 stran :
|b portréty ;
|c 19 cm
|
| 336 |
|
|
|a text
|b txt
|2 rdacontent
|
| 337 |
|
|
|a bez média
|b n
|2 rdamedia
|
| 338 |
|
|
|a svazek
|b nc
|2 rdacarrier
|
| 546 |
|
|
|a Částečně německý text
|
| 600 |
1 |
7 |
|a Herrmannová, Margit,
|d 1921-2003
|7 jx20040720096
|2 czenas
|
| 648 |
|
7 |
|a 20.-21. století
|7 ch462155
|2 czenas
|
| 648 |
|
7 |
|a 1939-1945
|7 ch460653
|2 czenas
|
| 648 |
|
7 |
|a 1938-1948
|7 ch1018657
|2 czenas
|
| 650 |
0 |
7 |
|a židovské ženy
|7 ph168243
|z Česko
|y 20.-21. století
|2 czenas
|
| 650 |
0 |
7 |
|a přeživší holocaust
|7 ph852432
|z Česko
|2 czenas
|
| 650 |
0 |
7 |
|a Židé
|7 ph127782
|x perzekuce
|y 1939-1945
|2 czenas
|
| 650 |
0 |
7 |
|a holocaust (1939-1945)
|7 ph117203
|2 czenas
|
| 650 |
0 |
7 |
|a druhá světová válka (1939-1945)
|7 ph117270
|z Česko
|2 czenas
|
| 650 |
0 |
9 |
|a Jewish women
|z Czechia
|y 20th-21st centuries
|2 eczenas
|
| 650 |
0 |
9 |
|a holocaust survivors
|z Czechia
|2 eczenas
|
| 650 |
0 |
9 |
|a Jews
|x persecutions
|y 1939-1945
|2 eczenas
|
| 650 |
0 |
9 |
|a holocaust (1939-1945)
|2 eczenas
|
| 650 |
0 |
9 |
|a World War (1939-1945)
|z Czechia
|2 eczenas
|
| 655 |
|
7 |
|a autobiografické vzpomínky
|7 fd131854
|2 czenas
|
| 655 |
|
9 |
|a autobiographical reminiscences
|2 eczenas
|
| 910 |
2 |
|
|a BOA001
|b 1-1447.055
|
| 990 |
|
|
|a BK
|
| 995 |
|
|
|a 01
|
| 991 |
|
|
|b 202006
|c NOV
|
| 996 |
6 |
|
|b 2610823949
|c 1-1447.055
|l MZK
|r Sklad / do 1 hodiny
|n 1
|p p.v.
|w 001802482
|u 000010
|a 1
|e BOA001
|j MZK50
|s P
|